000 00930nam a2200229 i 4500
001 187355
003 SpMaBN
005 20250702194200.0
008 170614s1945 sp f |||| | spa d
080 _a930.85(44)"13/14"
080 _a930.85(492/493)"13/14"
100 1 _aHuizinga, Johan.
_964685
245 1 3 _aEl otoño de la Edad Media :
_bestudios sobre las formas de la vida y del espíritu durante los siglos XIV y XV en Francia y en los Países Bajos /
_cJ. Huizinga.
250 _a2ª ed. completa en 1 solo v.
260 _aMadrid :
_bRevista de Occidente,
_c1945 (
_fImp. Viuda de Galo Sáez)
300 _a475 p., [16] h. de lám. ;
_c23 cm.
650 7 _aCivilización medieval.
_9146249
650 4 _a
_9241212
651 7 _aPaíses Bajos-
_xCivilización.
_9159817
852 _aES-MaACL
_jL-31709
_z- Enc. cart.
_z- Donat. herederos de la bibl. de Mª del Pilar Costa Palacín
999 _c187355
_d187355